000 00455nam a2200181Ia 4500
008 151018s9999 xx 000 0 und d
082 _bRBASDV19668
_a891.433
100 _aराणू
245 _aगजरा
250 _b1
260 _bडायमंड पॉकेट बुक्स
_c1985
300 _a183
600 _aराणू
630 _aगजरा
700 _aराणू
730 _aगजरा
942 _cBOOK
999 _c1020304
_d1020301